000 01334nam a22002297a 4500
005 20250310111150.0
008 250310b ||||| |||| 00| 0 eng d
020 _a9789356962323
040 _cAL
041 _aeng
082 _223
_a612.015
_bCHAT
100 _aChatterjea M N
_9205333
245 _aTextbook of medical biochemistry
250 _a9th ed.
260 _aNew Delhi
_bJaypee brothers medical publishers
_c2023
300 _axviii,876p.
_bPB
_c26.7x20.3cm.
365 _2General
_aVBI-2367
_b₹1646.25
_c
_d₹2195.00
_e25%
_f28-02-2025
520 _a"A fully revised and updated text. Written in simple and lucid language as per the MCI syllabus. Presents an intelligent and comprehensive study. Enriched with relevant subject information of medical biochemistry. Covers basics of biochemistry with clinical approach. Highlights important portions like clinical aspects/significance for better understanding. Provides colour photographs to make the book more attractive. Includes MCQs, essay and short type questions at the end of each chapter to help the students for examination. Covers all the topics of current interests for the undergraduate and postgraduate students, teachers, and biochemists."
650 _2Physiology
_aMedical Biochemistry
_9205334
700 _aShinde, Rana
_9205335
942 _2ddc
_cBK
999 _c233919
_d233919